| 000 | 00690nam a22002051c 4500 | ||
|---|---|---|---|
| 001 | a987684617 | ||
| 008 | 051017s1980 gw |||| 000u ger d | ||
| 041 | _ager | ||
| 245 | 0 | 3 |
_aIl liberalismo in Italia e in Germania dalla rivoluzione del '48 alla prima guerra mondiale : _b(atti) / _cRudolf Lill ; Nicola Matteucci [Hrsg.] |
| 264 |
_aBologna : _bIl Mulino, _c1980 |
||
| 300 | _a560 S. | ||
| 650 | 0 | _aItalien <1848-1914> | |
| 650 | 0 | _aDeutschland <1848-1914> | |
| 700 | 1 |
_aLill, Rudolf _eHerausgeberIn |
|
| 700 | 1 |
_aMatteucci, Nicola _eHerausgeberIn |
|
| 942 | _cMG | ||
| 040 | _cRU-10907106 | ||
| 003 | RU-10907106 | ||
| 999 |
_c7821 _d7821 |
||
| 490 | 0 |
_aAnnali dell'Istituto storico italo-germanico. Quaderno _v5 |
|